Did it happen? - Napoleon film - Statistics

General Stats
  • This quiz has been taken 211 times
  • The average score is 9 of 12
Answer Stats
Question Answer % Correct
Napoleon was actually in love with Josephine. True
94%
Russians set fire to Moscow when Napoleon arrived. True
91%
Napoleon crowns himself at his coronation. True
87%
Josephine had an affair while Napoleon was in Egypt. True
87%
Napoleon and the Duke of Wellington met. False
77%
Napoleon had his troops shoot off the top of the Pyramids during an invasion of Egypt. False
77%
Napoleon watched the beheading of Marie Antoinette. False
72%
Napoleon's family largely did not approve of his marriage with Josephine since she wasn't bearing him children. True
70%
Napoleon slapped Josephine as they were having their marriage annulled. False
66%
Napoleon often charged into battle on cavalry. False
66%
Napoleon married Marie Louise when she was still only 15. False
45%
Napoleon's hat was visibly left with damage from a musket at the battle of Waterloo. True
36%
No matching quizzes found
Score Distribution
Percent of People with Each Score
Percentile by Number Answered
Your Score History
You have not taken this quiz